[Event "Corrientes Mayor Rosarino op"]
[Site "Corrientes"]
[Date "2022.10.08"]
[Round "5"]
[White "Virgillito, Cristian"]
[Black "Ibarra, Juan Martin"]
[Result "0-1"]
[WhiteElo "2158"]
[BlackElo "2173"]
[PlyCount "54"]
[EventDate "2022.10.06"]
[EventType "swiss"]
[EventRounds "9"]
[EventCountry "ARG"]
[SourceTitle "CBM 210 Extra"]
[Source "ChessBase"]
[SourceDate "2022.11.30"]
[SourceVersion "1"]
[SourceVersionDate "2022.11.30"]
[SourceQuality "1"]

1. d4 d5 2. c4 c6 3. Qc2 Nf6 4. Nd2 g6 5. Ngf3 Bg7 6. g3 0-0 7. Bg2 Bf5 8. Qb3 Qc8 9. 0-0 Nbd7 10. Nh4 Bg4 11. f3 Be6 12. Qd3 c5 13. b3 cxd4 14. Ba3 dxc4 15. bxc4 Nc5 16. Bxc5 Qxc5 17. f4 Rac8 18. Bxb7 Rc7 19. Ba6 Qa5 20. Bb5 a6 21. Nb3 Qb6 22. Qxd4 Qxd4+ 23. Nxd4 axb5 24. Nxe6 fxe6 25. cxb5 Nd5 26. Rac1 Nc3 27. Kf2 Ra8 0-1

[Event "Corrientes Mayor Rosarino op"]
[Site "Corrientes"]
[Date "2022.10.07"]
[Round "2"]
[White "Marino, Javier"]
[Black "Virgillito, Cristian"]
[Result "1-0"]
[WhiteElo "1915"]
[BlackElo "2158"]
[PlyCount "83"]
[EventDate "2022.10.06"]
[EventType "swiss"]
[EventRounds "9"]
[EventCountry "ARG"]
[SourceTitle "CBM 210 Extra"]
[Source "ChessBase"]
[SourceDate "2022.11.30"]
[SourceVersion "1"]
[SourceVersionDate "2022.11.30"]
[SourceQuality "1"]

1. d4 Nf6 2. Nf3 c5 3. e3 b6 4. Nbd2 Bb7 5. b3 cxd4 6. exd4 Qc7 7. Bb2 Nc6 8. c4 e6 9. Rc1 Qf4 10. Bd3 Nb4 11. Bb1 Qh6 12. a3 g5 13. 0-0 Rg8 14. Re1 g4 15. Ne5 d6 16. Nxf7 Kxf7 17. axb4 Rg5 18. Nf1 d5 19. c5 Rc8 20. Rc2 Ne4 21. Bc1 bxc5 22. Bxg5 Qxg5 23. bxc5 h5 24. f3 Nf6 25. fxg4 hxg4 26. Rce2 Rc6 27. b4 a6 28. Bd3 Bc8 29. Qa4 Bd7 30. b5 axb5 31. Bxb5 Rc7 32. Bxd7 Nxd7 33. Rxe6 Qf4 34. Qa8 Qxd4+ 35. Kh1 Nf6 36. Rxf6+ Qxf6 37. Qxd5+ Kg7 38. Ng3 Kh8 39. Qh5+ Rh7 40. Qxg4 Rh4 41. Qc8 Kh7 42. Rf1 1-0

[Event "Buenos Aires Legislatura op 4th"]
[Site "Buenos Aires"]
[Date "2011.12.03"]
[Round "5"]
[White "Virgillito, Cristian"]
[Black "Ricardi, Pablo"]
[Result "0-1"]
[WhiteElo "2244"]
[BlackElo "2513"]
[PlyCount "94"]
[EventDate "2011.11.29"]
[EventType "swiss"]
[EventRounds "9"]
[EventCountry "ARG"]
[SourceTitle "EXT 2014"]
[Source "ChessBase"]
[SourceDate "2013.11.20"]
[SourceVersion "1"]
[SourceVersionDate "2013.11.20"]
[SourceQuality "1"]

1. e4 c5 2. Nf3 d6 3. Nc3 a6 4. d4 cxd4 5. Nxd4 Nf6 6. Be3 e6 7. Qd2 Be7 8. f3 b5 9. 0-0-0 h5 10. a4 bxa4 11. Nxa4 Bd7 12. Qb4 Nc6 13. Nxc6 Bxc6 14. Nb6 Rb8 15. Qa5 0-0 16. Nc4 d5 17. Qxd8 Rfxd8 18. Na5 Ba8 19. Bf4 Rb4 20. b3 dxe4 21. c3 Rxd1+ 22. Kxd1 exf3 23. cxb4 fxg2 24. Rg1 gxf1Q+ 25. Rxf1 Bxb4 26. Bd2 Bd6 27. Bf4 Bc5 28. Ke2 Bd5 29. Nc4 Ne4 30. Ra1 g5 31. Be3 Bxe3 32. Nxe3 Bxb3 33. Rxa6 Nf6 34. Kd3 Kg7 35. Kd4 h4 36. Ra5 Bd5 37. Ra7 Kg6 38. Ke5 Bf3 39. Kd4 Ng4 40. Nc4 f6 41. h3 Nh6 42. Ra6 Bg2 43. Rxe6 Bxh3 44. Re8 Nf5+ 45. Kc3 Bg2 46. Kd2 h3 47. Rh8 Nh4 0-1

[Event "ARG-ch 85th"]
[Site "Buenos Aires"]
[Date "2010.07.10"]
[Round "6"]
[White "Sanhueza, Cristian"]
[Black "Virgillito, Cristian"]
[Result "1/2-1/2"]
[WhiteElo "2199"]
[BlackElo "2238"]
[PlyCount "33"]
[EventDate "2010.07.05"]
[EventType "swiss"]
[EventRounds "11"]
[EventCountry "ARG"]
[SourceTitle "CBM 137 Extra"]
[Source "ChessBase"]
[SourceDate "2010.09.01"]
[SourceVersion "1"]
[SourceVersionDate "2010.09.01"]
[SourceQuality "1"]

1. e4 c5 2. Nf3 d6 3. d4 cxd4 4. Nxd4 Nf6 5. f3 Nc6 6. c4 Qb6 7. Nc2 g6 8. Nc3 Bg7 9. Qd3 Nb4 10. Nxb4 Qxb4 11. Be2 Be6 12. 0-0 Nd7 13. Nb5 Rc8 14. Qb3 a5 15. Be3 Nc5 16. Qc2 0-0 17. Nd4 1/2-1/2

[Event "ARG-ch 85th"]
[Site "Buenos Aires"]
[Date "2010.07.06"]
[Round "2"]
[White "Slipak, Sergio"]
[Black "Virgillito, Cristian"]
[Result "1/2-1/2"]
[WhiteElo "2440"]
[BlackElo "2238"]
[PlyCount "31"]
[EventDate "2010.07.05"]
[EventType "swiss"]
[EventRounds "11"]
[EventCountry "ARG"]
[SourceTitle "CBM 137 Extra"]
[Source "ChessBase"]
[SourceDate "2010.09.01"]
[SourceVersion "1"]
[SourceVersionDate "2010.09.01"]
[SourceQuality "1"]

1. c4 Nf6 2. Nc3 e6 3. d4 d5 4. Bg5 dxc4 5. e4 c5 6. dxc5 Qa5 7. Bxc4 Nc6 8. Bxf6 gxf6 9. Nge2 Qxc5 10. Bb3 b5 11. 0-0 Bb7 12. Ng3 Rd8 13. Qf3 Be7 14. Qg4 Kf8 15. Rad1 Nd4 16. Qf4 1/2-1/2

[Event "ARG-ch 85th"]
[Site "Buenos Aires"]
[Date "2010.07.05"]
[Round "1"]
[White "Virgillito, Cristian"]
[Black "Asad, Jonathan"]
[Result "1-0"]
[WhiteElo "2238"]
[BlackElo "1702"]
[PlyCount "95"]
[EventDate "2010.07.05"]
[EventType "swiss"]
[EventRounds "11"]
[EventCountry "ARG"]
[SourceTitle "CBM 137 Extra"]
[Source "ChessBase"]
[SourceDate "2010.09.01"]
[SourceVersion "1"]
[SourceVersionDate "2010.09.01"]
[SourceQuality "1"]

1. e4 c5 2. Nf3 d6 3. d4 cxd4 4. Nxd4 Nf6 5. Nc3 a6 6. Be3 Nc6 7. f3 g6 8. Qd2 Bg7 9. 0-0-0 0-0 10. g4 Nxd4 11. Bxd4 Be6 12. Kb1 Rc8 13. h4 Qa5 14. Nd5 Qxd2 15. Nxe7+ Kh8 16. Rxd2 Rc7 17. Nd5 Bxd5 18. exd5 Nd7 19. f4 Re8 20. Re2 Rxe2 21. Bxg7+ Kxg7 22. Bxe2 Nf6 23. c4 Re7 24. Bf3 Nd7 25. Kc2 Re3 26. Rf1 Nc5 27. Kd2 Re7 28. b4 Nd7 29. Re1 Rxe1 30. Kxe1 h6 31. g5 hxg5 32. hxg5 f5 33. Kd2 Kf7 34. Kc3 Ke7 35. Kd4 b6 36. Bd1 a5 37. Ba4 axb4 38. Bxd7 Kxd7 39. Kd3 Kc7 40. Kc2 b5 41. Kb3 Kb6 42. Kxb4 bxc4 43. Kxc4 Ka5 44. Kb3 Kb5 45. a4+ Kc5 46. Kc3 Kxd5 47. Kb4 Kc6 48. Kc4 1-0

[Event "Buenos Aires Bolivar op 3rd"]
[Site "Buenos Aires"]
[Date "2010.06.25"]
[Round "2"]
[White "Virgillito, Cristian"]
[Black "Pierrot, Juan Facundo"]
[Result "0-1"]
[WhiteElo "2200"]
[BlackElo "2424"]
[PlyCount "146"]
[EventDate "2010.06.24"]
[EventType "swiss"]
[EventRounds "7"]
[EventCountry "ARG"]
[SourceTitle "EXT 2011"]
[Source "ChessBase"]
[SourceDate "2010.11.26"]
[SourceVersion "1"]
[SourceVersionDate "2010.11.26"]
[SourceQuality "1"]

1. e4 c5 2. Nf3 e6 3. c4 d6 4. d4 cxd4 5. Nxd4 Nf6 6. Nc3 Be7 7. Be2 0-0 8. 0-0 a6 9. Be3 Qc7 10. f4 Nc6 11. Kh1 Nxd4 12. Bxd4 b6 13. Rc1 Bb7 14. Bf3 Nd7 15. Qe1 Rac8 16. b3 Rfd8 17. Qg3 Bf6 18. e5 dxe5 19. fxe5 Bxf3 20. exf6 Qxg3 21. hxg3 Bc6 22. fxg7 e5 23. Be3 Kxg7 24. Nd5 Bxd5 25. cxd5 Rxc1 26. Rxc1 Nf6 27. Bxb6 Rxd5 28. Kg1 Rd2 29. Rc4 Rxa2 30. Bc7 Nd7 31. Rc6 f6 32. b4 Kf7 33. Bd8 f5 34. Rd6 Ke8 35. Bg5 Ra4 36. Re6+ Kf7 37. Rd6 Nf8 38. Rf6+ Kg7 39. Rxf5 Nd7 40. Be7 Ra1+ 41. Kf2 Kg6 42. g4 Rc1 43. Rf3 Rc6 44. Rd3 Nb6 45. Bc5 Nc4 46. Rd8 Re6 47. Ke2 e4 48. Rd4 Na3 49. Rd6 Rxd6 50. Bxd6 Kg5 51. Bc7 Nc4 52. Bb8 Kxg4 53. Bc7 Kf5 54. Bg3 Ke6 55. Bf2 Kd5 56. Bh4 Nd6 57. Be7 Nf5 58. Bg5 Nd4+ 59. Kd2 Ne6 60. Bh6 Kd4 61. Ke2 Ke5 62. Ke3 Kf5 63. Kf2 Nd4 64. Bg7 Nc2 65. Bf8 Ke5 66. Ke2 Nd4+ 67. Kd2 Nf5 68. Ke2 Kf4 69. Bc5 h5 70. Bb6 e3 71. Bd8 Ke4 72. Bb6 Nd4+ 73. Kf1 Kd3 0-1

[Event "Buenos Aires La Punta op"]
[Site "Buenos Aires"]
[Date "2009.05.27"]
[Round "4"]
[White "Bianchi, Lucas"]
[Black "Virgillito, Cristian"]
[Result "1-0"]
[WhiteElo "2098"]
[BlackElo "2200"]
[PlyCount "85"]
[EventDate "2009.05.25"]
[EventType "swiss"]
[EventRounds "9"]
[EventCountry "ARG"]
[SourceTitle "CBM 130 Extra"]
[Source "ChessBase"]
[SourceDate "2009.07.02"]
[SourceVersion "2"]
[SourceVersionDate "2009.07.15"]
[SourceQuality "1"]

1. d4 d5 2. c4 c6 3. Nf3 Nf6 4. Nc3 e6 5. Bg5 dxc4 6. e4 b5 7. e5 h6 8. Bh4 g5 9. Nxg5 hxg5 10. Bxg5 Nbd7 11. exf6 Bb7 12. g3 c5 13. d5 Qb6 14. Bg2 0-0-0 15. 0-0 b4 16. Na4 Qa6 17. dxe6 Bxg2 18. e7 Bxf1 19. Qd5 Bh6 20. Bxh6 Qxa4 21. exd8R+ Rxd8 22. Rxf1 Qa6 23. Bf4 Qb7 24. Qxc4 Qc6 25. Rc1 Nxf6 26. Bg5 Rd6 27. Bxf6 Rxf6 28. Qxc5 Qxc5 29. Rxc5+ Kd7 30. Rb5 Ra6 31. Rxb4 Rxa2 32. h4 Ke6 33. Kg2 Kf6 34. g4 Kg6 35. Kg3 Ra1 36. Kf4 Kf6 37. f3 Ra5 38. h5 Ra1 39. g5+ Kg7 40. Kf5 Ra5+ 41. Kg4 Ra1 42. Rb7 Rg1+ 43. Kf5 1-0

[Event "ARG-ch sf 84th"]
[Site "La Plata"]
[Date "2009.05.05"]
[Round "8"]
[White "Virgillito, Cristian"]
[Black "Slipak, Sergio"]
[Result "0-1"]
[WhiteElo "2200"]
[BlackElo "2452"]
[PlyCount "70"]
[EventDate "2009.04.30"]
[EventType "swiss"]
[EventRounds "9"]
[EventCountry "ARG"]
[SourceTitle "CBM 130 Extra"]
[Source "ChessBase"]
[SourceDate "2009.07.02"]
[SourceVersion "2"]
[SourceVersionDate "2009.07.15"]
[SourceQuality "1"]

1. e4 e5 2. Nf3 Nc6 3. Bc4 d6 4. d4 Bg4 5. d5 Nce7 6. h3 Bd7 7. Nc3 Nf6 8. Qe2 a6 9. a4 g6 10. g4 Bg7 11. a5 0-0 12. Be3 Kh8 13. Nd2 c6 14. 0-0 cxd5 15. exd5 Ne8 16. f3 f5 17. Ra3 Nf6 18. Kh1 e4 19. fxe4 fxg4 20. Bb6 Qe8 21. Qh2 Nh5 22. Ne2 Rxf1+ 23. Nxf1 Nc8 24. hxg4 Nxb6 25. axb6 Qxe4+ 26. Qg2 Qxc4 27. gxh5 Re8 28. Neg3 Bxb2 29. Rf3 gxh5 30. Rf7 Bg4 31. Qd2 h4 32. Ne3 Rxe3 33. Rf8+ Kg7 34. Rb8 hxg3 35. Rxb7+ Kg6 0-1

[Event "ARG-ch sf 84th"]
[Site "La Plata"]
[Date "2009.05.01"]
[Round "2"]
[White "Virgillito, Cristian"]
[Black "Iermito, Sebastian"]
[Result "0-1"]
[WhiteElo "2200"]
[BlackElo "2431"]
[PlyCount "102"]
[EventDate "2009.04.30"]
[EventType "swiss"]
[EventRounds "9"]
[EventCountry "ARG"]
[SourceTitle "CBM 130 Extra"]
[Source "ChessBase"]
[SourceDate "2009.07.02"]
[SourceVersion "2"]
[SourceVersionDate "2009.07.15"]
[SourceQuality "1"]

1. e4 e6 2. d4 d5 3. Nd2 Nc6 4. Ngf3 Nf6 5. e5 Nd7 6. Bb5 a6 7. Bxc6 bxc6 8. Nb3 c5 9. Bg5 Be7 10. Bxe7 Qxe7 11. 0-0 0-0 12. Nxc5 Nxc5 13. dxc5 Qxc5 14. Qd4 Qe7 15. b4 a5 16. Qc5 Qxc5 17. bxc5 a4 18. Nd4 Ra5 19. c6 Rc5 20. Rfb1 Rc4 21. c3 Rxc3 22. Rb4 a3 23. Rb3 Rc4 24. Rd1 f6 25. f4 fxe5 26. fxe5 Rf4 27. Rxa3 Rfxd4 28. Rxd4 Rxd4 29. Ra8 Kf7 30. Rxc8 Kg6 31. Rxc7 Rc4 32. Kf2 Kf5 33. Rxg7 Rxc6 34. Rxh7 Kxe5 35. Ra7 Ke4 36. h4 Rc2+ 37. Kg3 d4 38. h5 d3 39. h6 d2 40. Rd7 Ke3 41. a4 e5 42. h7 Rc8 43. a5 Rh8 44. a6 Rxh7 45. Rxh7 d1Q 46. a7 Qa4 47. Re7 e4 48. Rd7 Qa6 49. Kg4 Qc8 50. Kh5 Kf2 51. Re7 e3 0-1

[Event "Mar del Plata op 40th"]
[Site "Mar del Plata"]
[Date "2009.04.05"]
[Round "2"]
[White "Lovece, Ruth"]
[Black "Virgillito, Cristian"]
[Result "1-0"]
[WhiteElo "2016"]
[BlackElo "2216"]
[PlyCount "79"]
[EventDate "2009.04.05"]
[EventType "swiss"]
[EventRounds "9"]
[EventCountry "ARG"]
[SourceTitle "CBM 129 Extra"]
[Source "ChessBase"]
[SourceDate "2009.05.05"]
[SourceVersion "2"]
[SourceVersionDate "2009.05.20"]
[SourceQuality "1"]

1. e4 e5 2. Nf3 Nc6 3. Bb5 a6 4. Ba4 Nf6 5. 0-0 Nxe4 6. d4 b5 7. Bb3 d5 8. dxe5 Be6 9. c3 Be7 10. Nbd2 Nc5 11. Bc2 Bg4 12. Qe1 Ne6 13. b4 a5 14. Bd3 Qb8 15. bxa5 Nc5 16. Be2 Rxa5 17. Nd4 Bd7 18. f4 Qa7 19. Qf2 Nxd4 20. cxd4 Ne6 21. Nb3 Rxa2 22. Be3 Qa4 23. Rxa2 Qxa2 24. Nc1 Qa3 25. f5 Bg5 26. Bd3 Bxe3 27. Qxe3 Nd8 28. e6 Bc6 29. exf7+ Kf8 30. f6 g5 31. Qxg5 Ne6 32. Qh6+ Kxf7 33. Bxh7 Rxh7 34. Qxh7+ Kf8 35. f7 Qe3+ 36. Kh1 Qg5 37. Qh8+ Ke7 38. f8Q+ Nxf8 39. Qxf8+ Kd7 40. Qf5+ 1-0

[Event "ARG-ch sf 83rd"]
[Site "Buenos Aires"]
[Date "2008.07.28"]
[Round "9"]
[White "Mahia, Gustavo"]
[Black "Virgillito, Cristian"]
[Result "1/2-1/2"]
[WhiteElo "2441"]
[BlackElo "2140"]
[PlyCount "100"]
[EventDate "2008.07.21"]
[EventType "swiss"]
[EventRounds "9"]
[EventCountry "ARG"]
[SourceTitle "CBM 125 Extra"]
[Source "ChessBase"]
[SourceDate "2008.09.01"]
[SourceVersion "1"]
[SourceVersionDate "2008.09.01"]
[SourceQuality "1"]

1. e4 c5 2. Nf3 d6 3. d4 cxd4 4. Nxd4 Nf6 5. Nc3 g6 6. Be3 Bg7 7. f3 Nc6 8. Qd2 0-0 9. Bc4 Bd7 10. 0-0-0 Qa5 11. Bb3 Rfc8 12. h4 Ne5 13. g4 b5 14. Bh6 Bxh6 15. Qxh6 Rxc3 16. bxc3 Qxc3 17. Kb1 a5 18. Qd2 Qc5 19. g5 Nh5 20. Bd5 Ra7 21. Nb3 Qa3 22. Qd4 Rc7 23. Qb6 Rxc2 24. Kxc2 Qxa2+ 25. Kc1 Nf4 26. Rd2 Ned3+ 27. Rxd3 Nxd3+ 28. Kd1 Be6 29. Bxe6 fxe6 30. Qxb5 Nf2+ 31. Kc1 Nxh1 32. Qe8+ Kg7 33. Qxe7+ Kg8 34. Qxe6+ Kg7 35. Qf6+ Kg8 36. Nd4 Qa1+ 37. Kc2 Qa2+ 38. Kc3 Qa3+ 39. Kc4 Qc5+ 40. Kb3 Qb4+ 41. Kc2 Qc4+ 42. Kd2 Qb4+ 43. Kd3 Qa3+ 44. Kd2 Qb4+ 45. Kc2 Qc4+ 46. Kb2 Qb4+ 47. Kc1 Qa3+ 48. Kd1 Qa1+ 49. Kd2 Qb2+ 50. Kd3 Qa3+ 1/2-1/2

[Event "ARG-ch sf 83rd"]
[Site "Buenos Aires"]
[Date "2008.07.27"]
[Round "8"]
[White "Virgillito, Cristian"]
[Black "Fulgenzi, Ernesto"]
[Result "0-1"]
[WhiteElo "2140"]
[BlackElo "2358"]
[PlyCount "115"]
[EventDate "2008.07.21"]
[EventType "swiss"]
[EventRounds "9"]
[EventCountry "ARG"]
[SourceTitle "CBM 125 Extra"]
[Source "ChessBase"]
[SourceDate "2008.09.01"]
[SourceVersion "1"]
[SourceVersionDate "2008.09.01"]
[SourceQuality "1"]

1. e4 g6 2. d4 Bg7 3. Nc3 c6 4. Nf3 d5 5. h3 dxe4 6. Nxe4 Nd7 7. Bc4 Ngf6 8. Nxf6+ Nxf6 9. 0-0 0-0 10. Re1 Nd5 11. Bg5 Be6 12. Qd2 Nc7 13. Bf1 Re8 14. c4 f6 15. Bf4 Bf7 16. Rad1 Qd7 17. g4 b6 18. Qc1 Rad8 19. Bg2 Qc8 20. b3 Ne6 21. Bg3 Nf8 22. Qa3 Rd7 23. Nh2 Ne6 24. Nf3 Bf8 25. Qc1 Red8 26. Qe3 Bg7 27. h4 b5 28. g5 bxc4 29. bxc4 Nf8 30. Bh3 Bxc4 31. Bxd7 Rxd7 32. gxf6 exf6 33. Rb1 Rf7 34. Kh2 Bxa2 35. Rb8 Qg4 36. Qf4 Qh5 37. Kh3 Bd5 38. Nh2 g5 39. Qg4 Qg6 40. h5 Qc2 41. Nf1 h6 42. Ne3 Qc3 43. Rd1 f5 44. Qe2 g4+ 45. Kh2 f4 46. Bxf4 Rxf4 47. Nxg4 Qf3 48. Nxh6+ Kh7 49. Qxf3 Bxf3 50. Rd3 Bxh6 51. Rb7+ Kh8 52. Rxa7 Rf5 53. Kg3 Be2 54. Rb3 Bf4+ 55. Kg2 Rg5+ 56. Kh3 Rxh5+ 57. Kg2 Rg5+ 58. Kh3 0-1

[Event "ARG-ch sf 83rd"]
[Site "Buenos Aires"]
[Date "2008.07.22"]
[Round "2"]
[White "Spata, German"]
[Black "Virgillito, Cristian"]
[Result "0-1"]
[WhiteElo "2250"]
[BlackElo "2140"]
[PlyCount "138"]
[EventDate "2008.07.21"]
[EventType "swiss"]
[EventRounds "9"]
[EventCountry "ARG"]
[SourceTitle "CBM 125 Extra"]
[Source "ChessBase"]
[SourceDate "2008.09.01"]
[SourceVersion "1"]
[SourceVersionDate "2008.09.01"]
[SourceQuality "1"]

1. Nf3 d5 2. g3 c6 3. Bg2 Bg4 4. 0-0 Nd7 5. d4 Ngf6 6. c4 e6 7. b3 Bd6 8. Nc3 Qe7 9. Bb2 0-0 10. Qd2 Rad8 11. Rfe1 e5 12. cxd5 cxd5 13. dxe5 Bxe5 14. Nxe5 Nxe5 15. Nb5 Rfe8 16. Qf4 a6 17. Bxe5 Qxe5 18. Qxe5 Rxe5 19. Nd4 Rc8 20. Rec1 Ree8 21. e3 Kf8 22. h3 Rxc1+ 23. Rxc1 Rc8 24. Rxc8+ Bxc8 25. g4 h6 26. Kf1 Ke7 27. Ke2 Kd6 28. Kd3 g5 29. f4 Bd7 30. Nf3 Ne4 31. Ne5 Nc5+ 32. Kc3 Be8 33. Nd3 Ne6 34. f5 Nc5 35. Nb4 Ke5 36. Nxd5 Bc6 37. Kc4 Nd7 38. e4 Bxd5+ 39. exd5 Kd6 40. Kd4 f6 41. Bf3 Nb6 42. b4 Nc8 43. a4 Nb6 44. a5 Nd7 45. Bd1 Ne5 46. Be2 Nd7 47. Bf1 Ne5 48. b5 axb5 49. Bxb5 Nf3+ 50. Ke3 Ne1 51. Bc6 bxc6 52. a6 Nc2+ 53. Kd2 Na3 54. dxc6 Kxc6 55. a7 Nc4+ 56. Kc3 Nb6 57. Kb4 Nd5+ 58. Kc4 Nc7 59. Kb4 Kb6 60. Kc4 Kxa7 61. Kc5 Kb7 62. Kd6 Kb6 63. Ke7 Nd5+ 64. Kd6 Nf4 65. Ke7 Nxh3 66. Kxf6 Nf2 67. Kg6 Nxg4 68. Kh5 Ne5 69. f6 Nd7 0-1

[Event "Mar del Plata op 39th"]
[Site "Mar del Plata"]
[Date "2008.03.17"]
[Round "4"]
[White "Gallego, Gonzalo"]
[Black "Virgillito, Cristian"]
[Result "1-0"]
[WhiteElo "2027"]
[BlackElo "2215"]
[PlyCount "46"]
[EventDate "2008.03.15"]
[EventType "swiss"]
[EventRounds "9"]
[EventCountry "ARG"]
[SourceTitle "CBM 123 Extra"]
[Source "ChessBase"]
[SourceDate "2008.05.06"]
[SourceVersion "1"]
[SourceVersionDate "2008.05.06"]
[SourceQuality "1"]

1. e4 e5 2. Nf3 Nc6 3. Bc4 Bc5 4. c3 Nf6 5. d3 a6 6. b4 Ba7 7. Qb3 Qe7 8. a4 d6 9. 0-0 h6 10. Nbd2 g5 11. Ba3 Bd7 12. d4 exd4 13. cxd4 Nxd4 14. Qc3 Nxf3+ 15. Nxf3 Be6 16. Bxa6 0-0-0 17. Bd3 g4 18. Nd4 h5 19. a5 g3 20. a6 Nxe4 21. axb7+ Kxb7 22. Ba6+ Kxa6 23. Qc6+ Bb6 1-0

[Event "Mar del Plata op 39th"]
[Site "Mar del Plata"]
[Date "2008.03.16"]
[Round "2"]
[White "Acosta, Mariano2222"]
[Black "Virgillito, Cristian"]
[Result "0-1"]
[WhiteElo "2021"]
[BlackElo "2215"]
[PlyCount "82"]
[EventDate "2008.03.15"]
[EventType "swiss"]
[EventRounds "9"]
[EventCountry "ARG"]
[SourceTitle "CBM 123 Extra"]
[Source "ChessBase"]
[SourceDate "2008.05.06"]
[SourceVersion "1"]
[SourceVersionDate "2008.05.06"]
[SourceQuality "1"]

1. Nf3 d5 2. d4 Nf6 3. c4 c6 4. e3 Bf5 5. Nc3 e6 6. Ne5 Nbd7 7. f4 Be7 8. Be2 dxc4 9. Bxc4 Nxe5 10. fxe5 Ne4 11. Qf3 Qa5 12. Bd2 Nxd2 13. Kxd2 Qb4 14. b3 0-0-0 15. Rhc1 c5 16. a3 Qb6 17. d5 Kb8 18. Ke2 h5 19. h3 g5 20. e4 g4 21. Qe3 Bg6 22. Na4 Qa5 23. d6 Bf8 24. Qxc5 Qxc5 25. Nxc5 Bg7 26. Nd3 Bxe4 27. Re1 Bxg2 28. hxg4 hxg4 29. Kf2 Bf3 30. Nf4 Bh6 31. Kg3 Bg5 32. Ng2 Rh3+ 33. Kf2 Bd2 34. Rh1 Rdh8 35. Rxh3 Rxh3 36. Ra2 Bc3 37. Rc2 Bd4+ 38. Ne3 Bxe3+ 39. Kxe3 Bd1+ 40. Kd2 Bxc2 41. Kxc2 g3 0-1